00205nam a2200085Ia 4500008004100000082001300041100001800054245002300072300002400095230907s9999||||xx |||||||||||||| ||und|| a6.3bMUL aGerhard Weiss 0aMultiagent systems axlviii, 867 pages :